Detalles MARC
| 000 -CABECERA |
| campo de control de longitud fija |
01326nam a2200313 a 4500 |
| 001 - NÚMERO DE CONTROL |
| campo de control |
000001847 |
| 005 - FECHA Y HORA DE LA ÚLTIMA TRANSACCIÓN |
| campo de control |
20200929145728.0 |
| 008 - DATOS DE LONGITUD FIJA--INFORMACIÓN GENERAL |
| campo de control de longitud fija |
090629s2006 cu ac 000 0 spa d |
| 020 ## - NÚMERO INTERNACIONAL ESTÁNDAR DEL LIBRO |
| Número Internacional Estándar del Libro |
9592112517 |
| 040 ## - FUENTE DE LA CATALOGACIÓN |
| Centro catalogador/agencia de origen |
DO-SdBNP |
| 082 ## - NÚMERO DE LA CLASIFICACIÓN DECIMAL DEWEY |
| Número de clasificación |
972.91064 |
| Número de documento/Ítem |
C962h |
| 245 00 - MENCIÓN DE TÍTULO |
| Título |
Cuba la historia no contada / |
| Mención de responsabilidad, etc. |
[selección, organización de textos y edición, Juan Carlos Rodríguez]. |
| 260 ## - PUBLICACIÓN, DISTRIBUCIÓN, ETC. |
| Lugar de publicación, distribución, etc. |
La Habana : |
| Nombre del editor, distribuidor, etc. |
Capitán San Luis, |
| Fecha de publicación, distribución, etc. |
2006. |
| 300 ## - DESCRIPCIÓN FÍSICA |
| Extensión |
[338 p.] : |
| Otras características físicas |
mapa, retrs. ; |
| Dimensiones |
28 cm. |
| 500 ## - NOTA GENERAL |
| Nota general |
Incluye notas del editorial. |
| 651 #4 - PUNTO DE ACCESO ADICIONAL DE MATERIA--NOMBRE GEOGRÁFICO |
| Nombre geográfico |
Cuba |
| Subdivisión general |
Política Y Gobierno |
| Subdivisión cronológica |
1959-1990 |
| 9 (RLIN) |
5620 |
| 651 #4 - PUNTO DE ACCESO ADICIONAL DE MATERIA--NOMBRE GEOGRÁFICO |
| Nombre geográfico |
Cuba |
| Subdivisión general |
Política Y Gobierno |
| Subdivisión cronológica |
1959-1990 |
| Subdivisión general |
Fotografías |
| 9 (RLIN) |
6008 |
| 650 #4 - PUNTO DE ACCESO ADICIONAL DE MATERIA--TÉRMINO DE MATERIA |
| Término de materia o nombre geográfico como elemento de entrada |
Actividades subversivas |
| Subdivisión geográfica |
Cuba |
| Subdivisión general |
Historia |
| Subdivisión cronológica |
SIGLO XX |
| 9 (RLIN) |
5936 |
| 650 #4 - PUNTO DE ACCESO ADICIONAL DE MATERIA--TÉRMINO DE MATERIA |
| Término de materia o nombre geográfico como elemento de entrada |
Actividades subversivas |
| Subdivisión geográfica |
Cuba |
| Subdivisión general |
Historia |
| Subdivisión cronológica |
SIGLO XX |
| Subdivisión general |
Fotografías |
| 9 (RLIN) |
6009 |
| 650 #4 - PUNTO DE ACCESO ADICIONAL DE MATERIA--TÉRMINO DE MATERIA |
| Término de materia o nombre geográfico como elemento de entrada |
Contrarrevolucionarios |
| Subdivisión geográfica |
Cuba |
| 9 (RLIN) |
6010 |
| 650 #4 - PUNTO DE ACCESO ADICIONAL DE MATERIA--TÉRMINO DE MATERIA |
| Término de materia o nombre geográfico como elemento de entrada |
Contrarrevolucionarios |
| Subdivisión geográfica |
Cuba |
| Subdivisión general |
Fotografías |
| 9 (RLIN) |
6011 |
| 650 #4 - PUNTO DE ACCESO ADICIONAL DE MATERIA--TÉRMINO DE MATERIA |
| Término de materia o nombre geográfico como elemento de entrada |
Terrorismo |
| Subdivisión geográfica |
Cuba |
| 9 (RLIN) |
5819 |
| 650 #4 - PUNTO DE ACCESO ADICIONAL DE MATERIA--TÉRMINO DE MATERIA |
| Término de materia o nombre geográfico como elemento de entrada |
Terrorismo |
| Subdivisión geográfica |
Cuba |
| Subdivisión general |
Fotografías |
| 9 (RLIN) |
6012 |
| 651 #4 - PUNTO DE ACCESO ADICIONAL DE MATERIA--NOMBRE GEOGRÁFICO |
| Nombre geográfico |
Estados Unidos |
| Subdivisión general |
Relaciones Con Cuba |
| 9 (RLIN) |
5832 |
| 651 #4 - PUNTO DE ACCESO ADICIONAL DE MATERIA--NOMBRE GEOGRÁFICO |
| Nombre geográfico |
Estados Unidos |
| Subdivisión general |
Relaciones Con Cuba |
| -- |
Fotografías |
| 9 (RLIN) |
6013 |
| 651 #4 - PUNTO DE ACCESO ADICIONAL DE MATERIA--NOMBRE GEOGRÁFICO |
| Nombre geográfico |
Cuba |
| Subdivisión general |
Relaciones Con Estados Unidos |
| 9 (RLIN) |
5833 |
| 651 #4 - PUNTO DE ACCESO ADICIONAL DE MATERIA--NOMBRE GEOGRÁFICO |
| Nombre geográfico |
Cuba |
| Subdivisión general |
Relaciones Con Estados Unidos |
| -- |
Fotografías |
| 9 (RLIN) |
6014 |
| 700 0# - PUNTO DE ACCESO ADICIONAL--NOMBRE DE PERSONA |
| Nombre de persona |
Rodríguez, Juan Carlos, |
| Término indicativo de función/relación |
ed. |
| 9 (RLIN) |
6002 |